[Event "HCL-C313"]
[Site "www.playchess.de"]
[Date "2001.04.29"]
[Round "8"]
[White "janaj"]
[Black "Coolhandluke"]
[WhiteElo "880"]
[BlackElo "1000"]
[PlyCount "74"]
[Result "0-1"]

1.e4 e5 2.Nf3 Nf6 3.Nxe5 d6 4.Nf3 Nxe4 5.d3 Nf6 
6.Bg5 h6 7.Bh4 g5 8.Bg3 Nc6 9.Be2 Nh5 10.Nc3 Be6 
11.Ne4 f5 12.Nfd2 Nf4 {hallo.verwendend das 
worterbuch.wie gehts?}  13.O-O {wow Coolhand, your 
German is perfect! I feel fine! What about you? 
*smile*}  Nxe2+ {I'm doing well. How is your 
english? It looks better than my German.}  14.Qxe2 
{I'm always happy, when I can practice my English. 
It's not good!}  fxe4 15.Qxe4 Qf6 16.c3 O-O-O 
{janaj, you just moved,and the time is 2pm here 
what time is it there?}  17.a4 d5 {janaj, was 
zeitlich ist es dorthin?? 2:45 heraus.}  18.Qe3 
{now it is 21.40 or 9.40 pm}  Bd6 19.f3 Rhe8 
20.Nb3 Bf5 21.Kh1 Rxe3 {Guten morgen}  22.d4 
{Hallo Coolhand, good morning, I think it's better 
to go to bed for me, when I see my mistake :-(}  
Rde8 {Sorry for the mistake ;-(}  23.Bf2 {Perhaps 
I had to buy some spectacles *smile*}  R3e2 {Guten 
der Abend?}  24.Rab1 {Guten Abend!:-))}  Bxb1 
{Thanks for the german correction! Guten Abend.}  
25.Kg1 {Collhand, you're really sympathic! :-))}  
Qe6 26.g3 Ne5 27.Rxb1 Nxf3+ 28.Kg2 {good Morning, 
Coolhand! Guten Morgen!}  Nxh2 {Guten Nachmitag, 
Janaj.? Have you been following the Kasparov vs. 
Chapman game this weekend?}  29.Nc5 {no Coolhand, 
I haven't seen the game. I played Badminton this 
afternoon!}  Bxc5 30.dxc5 {sorry coolhand, I 
couldn't send it!}  Ng4 {Hallo,welcome back Janaj. 
I could not log on also.}  31.Rf1 {hi collhand, 
nice weekend!!:-))}  Ne3+ {Great weekend!!!}  
32.Kg1 {Good Morning! Nice Sunday!}  Nxf1 {Guten 
Morgen Janaj. its past coolhands bedtime.}  
33.Kxf1 {I think, you go to bed very late...I'm 
sure, it's past midnight!}  Qh3+ {2.30 am}  34.Kg1 
{you can't sleep?}  Rd2 {Just enjoy a nice game of 
chess;-)}  35.b4 {yes, for you are the winner in 
this game :-)) (for you) and :-(( (for me)}  Rd1+ 
{Thanks for the game,hope we get to play again.}  
36.Be1 {hope so too, for I need a rematch :-)))}  
Qxg3+ 37.Kf1 Rexe1+ 0-1

[Event "HCL-C312"]
[Site "www.playchess.de"]
[Date "2001.04.29"]
[Round "14"]
[White "Yurispb"]
[Black "Trodat"]
[WhiteElo "1469"]
[BlackElo "1069"]
[PlyCount "29"]
[Result "1-0"]

1.e4 e5 2.f4 d6 3.Nf3 exf4 4.Bc4 Nc6 5.d4 Nf6 
6.Nc3 Bg4 7.O-O g5 8.h3 Be6 9.d5 Na5 10.dxe6 fxe6 
11.Bxe6 Qe7 12.Nxg5 Bg7 13.Bxf4 Nxe4 14.Qh5+ Kf8 
15.Bxd6+ 1-0

[Event "HCL-X003"]
[Site "www.playchess.de"]
[Date "2001.04.29"]
[Round "9"]
[White "ARMAGEDON_8"]
[Black "ajedrez"]
[WhiteElo "2351"]
[BlackElo "2343"]
[PlyCount "39"]
[Result "1/2-1/2"]

1.e4 {GOOD LUCK!!!}  c5 {Hello and welcome in the 
X-class.}  2.Nf3 {THANKS, I HOPE TO PLAY AN 
INTERESTING GAME.}  Nc6 3.d4 cxd4 4.Nxd4 Nf6 5.Nc3 
e5 6.Ndb5 d6 7.Bg5 a6 8.Na3 b5 9.Bxf6 gxf6 10.Nd5 
Bg7 11.Bd3 Ne7 12.Nxe7 Qxe7 13.O-O O-O 14.Qf3 f5 
15.exf5 d5 16.Qxd5 Bb7 17.Qb3 e4 18.Be2 Qg5 
19.Rad1 e3 20.f3 {I CANNOT SEE ANY REASON TO 
CONTINUE.}  1/2-1/2

[Event "HCL-B323"]
[Site "www.playchess.de"]
[Date "2001.04.29"]
[Round "12"]
[White "lonewolf"]
[Black "Outeralert"]
[WhiteElo "1710"]
[BlackElo "1647"]
[PlyCount "57"]
[Result "1-0"]

1.e4 {Hi,have a good game.}  d6 2.d4 Nf6 3.Nc3 g6 
4.Nf3 Bg7 5.Be2 O-O 6.O-O Nbd7 7.e5 dxe5 8.dxe5 
Ng4 9.e6 Nde5 10.Qxd8 Rxd8 11.exf7+ Nxf7 12.Re1 c6 
13.Bc4 Kf8 14.Bf4 Bf5 15.Bb3 e5 16.Bg3 e4 17.Nxe4 
Bxb2 18.Rab1 Bg7 19.Bxf7 Kxf7 20.Nd6+ Kg8 21.Nxf5 
gxf5 22.h3 Nh6 23.Rxb7 Rde8 24.Rxe8+ Rxe8 25.Rxa7 
Re2 26.c4 Rc2 27.Bf4 Rxc4 28.Ra8+ Kf7 
29.Bxh6 1-0

[Event "HCL-C320"]
[Site "www.playchess.de"]
[Date "2001.04.29"]
[Round "16"]
[White "Lukas"]
[Black "adamant"]
[WhiteElo "1143"]
[BlackElo "1169"]
[PlyCount "45"]
[Result "1-0"]

1.e4 e5 2.Nf3 Nc6 3.Nxe5 Nxe5 4.d4 Ng6 5.e5 d6 
6.Bc4 Be7 7.O-O dxe5 8.dxe5 Qxd1 9.Rxd1 Nxe5 
10.Bb3 Nf6 11.Bf4 Bd6 12.Ba4+ Nfd7 13.Bb3 Nc5 
14.Bxe5 Bxe5 15.Re1 f6 16.f4 Nd7 17.Na3 Kd8 
18.fxe5 Nxe5 19.Rad1+ Nd7 20.Nb5 a6 21.Nd4 Ne5 
22.Nc6+ Ke8 {Good move. Did'nt think of this 
double ch. I seen Ne6 dlb ch.}  
23.Rd8+ 1-0

[Event "HCL-C320"]
[Site "www.playchess.de"]
[Date "2001.04.29"]
[Round "19"]
[White "litty"]
[Black "Lukas"]
[WhiteElo "1000"]
[BlackElo "1143"]
[PlyCount "62"]
[Result "0-1"]

1.e4 c5 2.Bc4 e6 3.d3 Nc6 4.Bf4 a6 5.a4 d6 6.Nc3 
Nf6 7.Bg5 Be7 8.Nf3 O-O 9.Bxf6 Bxf6 10.Ne2 Bxb2 
11.Rb1 Bf6 12.Qd2 Na5 13.O-O Nxc4 14.dxc4 Bd7 
15.a5 Qc7 16.Rba1 Bxa1 17.Rxa1 Bc6 18.Nc3 b6 
19.axb6 Qxb6 20.Qxd6 Qb2 21.Rf1 Qxc3 22.Qxc6 Qxc4 
23.Ne1 Qb5 24.Qd6 Rfd8 25.Qd3 Rxd3 26.cxd3 a5 
27.Nf3 a4 28.d4 a3 29.dxc5 a2 30.Nd2 a1Q {%}  
31.Rxa1 Rxa1+ 0-1

[Event "ACL-A167"]
[Site "www.playchess.de"]
[Date "2001.04.29"]
[Round "12"]
[White "jpechie"]
[Black "vijal"]
[WhiteElo "1794"]
[BlackElo "1373"]
[PlyCount "35"]
[Result "1-0"]

1.Nf3 {Hello. Good luck}  d5 2.b3 Nf6 3.Bb2 Bf5 
4.e3 c6 5.Be2 g6 6.O-O Bg7 7.d3 O-O 8.c4 Nbd7 
9.Nd4 Be6 10.Nc3 dxc4 11.Nxe6 fxe6 12.bxc4 Nb6 
13.Qb3 Nfd5 14.cxd5 cxd5 15.Bg4 Rf6 16.Ne2 Rf8 
17.Bxg7 Kxg7 18.Nd4 1-0

[Event "ACL-A167"]
[Site "www.playchess.de"]
[Date "2001.04.29"]
[Round "21"]
[White "jpechie"]
[Black "jalal"]
[WhiteElo "1794"]
[BlackElo "1545"]
[PlyCount "30"]
[Result "1/2-1/2"]

1.d4 e6 2.e4 d5 3.Nc3 dxe4 4.Nxe4 h6 5.c3 Nf6 
6.Nxf6+ Qxf6 7.Qf3 Be7 8.Qxf6 Bxf6 9.Bf4 c6 10.Nf3 
Nd7 11.Rd1 b6 12.Bd6 Be7 13.Bxe7 Kxe7 14.Be2 Re8 
15.Ne5 Nxe5 1/2-1/2

[Event "HCL-A160"]
[Site "www.playchess.de"]
[Date "2001.04.29"]
[Round "19"]
[White "runciter"]
[Black "One_i"]
[WhiteElo "1572"]
[BlackElo "1648"]
[PlyCount "71"]
[Result "1/2-1/2"]

1.e4 d5 {Good luck to you from Canada!}  2.exd5 
{best wishes! a good game!}  Nf6 3.c4 e6 4.dxe6 
Bxe6 5.a3 Bc5 6.Nf3 O-O 7.d4 Re8 8.Be3 Bb6 9.c5 
Ng4 10.cxb6 Nxe3 11.fxe3 axb6 12.Qd3 Na6 13.Be2 
Nb4 14.Qc3 Nd5 15.Qd3 Bg4 16.e4 Nf4 17.Qc2 Nxg2+ 
18.Kf2 Nh4 19.Nbd2 Nxf3 20.Nxf3 Bxf3 21.Bxf3 Qxd4+ 
22.Kg2 Ra5 23.Qf2 Rg5+ 24.Kf1 Qc4+ 25.Qe2 Qd4 
26.Rd1 Qc5 27.Qf2 Qc6 28.Rg1 Rc5 29.Rg2 Qb5+ 
30.Kg1 Rce5 31.Qd4 g6 32.Qd7 Qc5+ 33.Qd4 Qe7 
34.Qd7 Qc5+ 35.Qd4 Qe7 36.Qd7 1/2-1/2

[Event "HCL-C321"]
[Site "www.playchess.de"]
[Date "2001.04.29"]
[Round "25"]
[White "Tim"]
[Black "vijal"]
[WhiteElo "642"]
[BlackElo "942"]
[PlyCount "60"]
[Result "0-1"]

1.e3 e5 2.d4 exd4 3.exd4 d5 4.Be2 Nf6 5.Bg5 Be7 
6.Nf3 h6 7.Bd2 Bf5 8.Nc3 Nbd7 9.O-O O-O 10.Bd3 
Bxd3 11.cxd3 Bd6 12.Ne5 Nxe5 13.dxe5 Bxe5 14.Re1 
Bd6 15.Nb5 a6 16.Nxd6 Qxd6 17.g3 Rfe8 18.a3 Rxe1+ 
19.Qxe1 Re8 20.Qc1 Re2 21.Bb4 Qe6 22.Qxc7 b5 
23.Re1 Rxe1+ 24.Bxe1 Qxe1+ 25.Kg2 Qe2 26.d4 Qxb2 
27.Qd8+ Kh7 28.Qa5 Ne4 29.h4 Qxf2+ 30.Kh1 
Nxg3+ 0-1

[Event "HCL-B333"]
[Site "www.playchess.de"]
[Date "2001.04.29"]
[Round "10"]
[White "mouloud"]
[Black "MENO"]
[WhiteElo "950"]
[BlackElo "1929"]
[PlyCount "50"]
[Result "0-1"]

1.e4 {ce qui me rassure, c'est que j'ai ton code 
secret :-))))}  c5 {je l'ai changé:-)}  2.Nf3 
{rhaaa, que la foudre d'Allah s'abatte sur toi}  
d6 {shallom}  3.Bb5+ Bd7 4.Bxd7+ Qxd7 5.O-O Nc6 
6.c4 g6 7.Nc3 Bg7 8.d3 {mat en 38 coups!!!}  Nf6 
9.Rb1 O-O 10.Nd5 e6 11.Nxf6+ Bxf6 {mat en 3 coups 
- désolé}  12.Be3 {mais mais! tu joues où, là???}  
a6 {je suis passé au bureau samedi matin}  13.a3 
b5 14.b3 Rfb8 15.Qc2 Rb7 16.Rfd1 Rab8 17.Bd2 R7b6 
18.Bc3 Bxc3 19.Qxc3 Qb7 20.Rba1 bxc4 21.bxc4 Qe7 
22.h3 R6b2 23.Qc1 Qf6 24.Qh6 Nd4 25.Nxd4 
Qxf2+ 0-1

[Event "HCL-C323"]
[Site "www.playchess.de"]
[Date "2001.04.29"]
[Round "6"]
[White "Yurispb"]
[Black "thalis"]
[WhiteElo "1485"]
[BlackElo "1084"]
[PlyCount "59"]
[Result "1-0"]

1.e4 e5 {Hallo!}  2.f4 exf4 3.Nf3 {Hi!}  Qf6 4.e5 
Qf5 5.d4 Nc6 6.Bd3 Qg4 7.O-O Nxd4 8.Nxd4 Qxd1 
9.Rxd1 g5 10.Nb5 Kd8 11.Nd2 b6 12.Ne4 Bb7 13.Nxg5 
Bc5+ 14.Kf1 Nh6 15.Bxf4 a6 16.Nc3 Rf8 17.Nge4 Bd4 
{I never thought to reach 17 moves in this game 
:-))}  18.Bxh6 Rg8 19.Bf4 Ke7 20.g3 Raf8 21.Nf6 
Rgh8 22.Be4 Bxe4 23.Ncxe4 Bxb2 24.Rxd7+ Ke6 
25.Rad1 Bxe5 26.Bxe5 Kxe5 {My congratulation! A 
nice mate formation picture, I find! See you.}  
27.Re7+ Kf5 28.Rd5+ Kg6 29.Rg5+ Kh6 
30.Ng4+ 1-0

[Event "HCL-C330"]
[Site "www.playchess.de"]
[Date "2001.04.29"]
[Round "5"]
[White "vijal"]
[Black "Lukas"]
[WhiteElo "946"]
[BlackElo "1202"]
[PlyCount "52"]
[Result "0-1"]

1.e4 e5 2.Nf3 Nc6 3.Bc4 Nf6 4.Ng5 d5 5.exd5 Nd4 
6.c3 b5 7.Bd3 Bf5 8.Bxf5 Nxf5 9.O-O Qxd5 10.Qf3 
Nh4 11.Qxd5 Nxd5 12.d3 Ng6 13.Nd2 Ndf4 14.Ndf3 
Nxd3 15.Be3 c6 16.b4 h6 17.Ne4 O-O-O 18.Rfd1 f5 
19.Nc5 Nxc5 20.Bxc5 Bxc5 21.h3 Bb6 22.Nd2 Rd3 
23.Nf3 Rhd8 24.Rxd3 Rxd3 25.Rc1 e4 26.Ne1 
Rd2 0-1

[Event "HCL-B341"]
[Site "www.playchess.de"]
[Date "2001.04.29"]
[Round "2"]
[White "rbverhoef"]
[Black "pj287"]
[WhiteElo "1384"]
[BlackElo "1738"]
[PlyCount "44"]
[Result "0-1"]

1.e4 c5 {Hi from Port Jervis,NY. Have a good 
game.}  2.f4 g6 3.d4 cxd4 4.Qxd4 Nf6 5.e5 Nc6 
6.Qc3 e6 7.Qf3 Nd5 8.Bc4 Nde7 9.g4 Bg7 10.Nc3 b6 
11.Be3 Bb7 12.Nb5 O-O 13.Qf2 Nxe5 14.fxe5 {Nice 
move!}  Bxh1 {Thanks, but I have some doubts.}  
15.Nh3 Bd5 16.Bxd5 Nxd5 17.Bg5 f6 18.exf6 Bxf6 
19.Nd6 Bxg5 20.Nxg5 Rxf2 21.Kxf2 Qxg5 22.Ne4 
Qe3+ 0-1

[Event "HCL-A170"]
[Site "www.playchess.de"]
[Date "2001.04.29"]
[Round "3"]
[White "bondegnasker"]
[Black "Lydeking"]
[WhiteElo "1677"]
[BlackElo "1703"]
[PlyCount "25"]
[Result "1-0"]

1.d4 {pænt goddag!}  d5 2.c4 e6 {goddag}  3.g3 
dxc4 4.Bg2 c5 5.Nf3 Nc6 6.Ne5 Nxe5 7.dxe5 Qxd1+ 
8.Kxd1 Rb8 9.a4 f6 10.exf6 gxf6 11.Na3 c3 12.bxc3 
a6 13.Nc4 1-0

[Event "HCL-A168"]
[Site "www.playchess.de"]
[Date "2001.04.29"]
[Round "3"]
[White "e4forme"]
[Black "Lydeking"]
[WhiteElo "1492"]
[BlackElo "1703"]
[PlyCount "29"]
[Result "1-0"]

1.e4 {Hello and Good Luck!}  e5 2.Nf3 Nf6 3.Nc3 
Nc6 4.Bc4 Nxe4 5.Nxe4 d5 6.Bd3 dxe4 7.Bxe4 Bd6 
8.Bxc6+ bxc6 9.b3 O-O 10.d3 Bg4 11.h3 Bh5 12.Bb2 
Qe7 13.Qe2 Rae8 14.O-O-O Ba3 15.g4 1-0

[Event "HCL-B319"]
[Site "www.playchess.de"]
[Date "2001.04.29"]
[Round "7"]
[White "rbverhoef"]
[Black "Coney"]
[WhiteElo "1416"]
[BlackElo "1215"]
[PlyCount "62"]
[Result "0-1"]

1.d4 d5 2.c4 e6 3.Nc3 Nf6 4.e3 c6 5.cxd5 Nxd5 6.e4 
Nxc3 7.bxc3 Be7 8.Bd3 O-O 9.Nf3 f5 10.exf5 exf5 
11.O-O h6 12.Ne5 Bd6 13.Bc4+ Kh8 14.Nf7+ Rxf7 
15.Bxf7 Qc7 16.Qh5 Bxh2+ 17.Kh1 Bf4 18.Re1 Bd7 
19.Re7 Bxc1 20.Rxc1 Na6 21.Be6 Bxe6 22.Rxc7 Nxc7 
23.Qh2 Nb5 24.Re1 Bxa2 25.Qe5 Nxc3 26.Re3 Nd1 
27.Rg3 Nxf2+ 28.Kg1 Ng4 29.Qxf5 Nf6 30.Qg6 Rg8 
31.Qf7 Bxf7 0-1

[Event "HCL-B346"]
[Site "www.playchess.de"]
[Date "2001.04.29"]
[Round "10"]
[White "mouloud"]
[Black "rbverhoef"]
[WhiteElo "1169"]
[BlackElo "1411"]
[PlyCount "74"]
[Result "0-1"]

1.e4 {rhaaa, you again :-)}  e5 {Lol, hi, good 
luck.}  2.Nf3 Nc6 3.Bb5 a6 4.Ba4 Nf6 5.a3 b5 6.Bb3 
Nxe4 7.O-O d5 8.d3 Nc5 9.Ba2 Nb7 10.Nc3 Be6 11.Ng5 
Qd7 12.Nxe6 fxe6 13.Bg5 Be7 14.Qg4 Bxg5 15.Qxg5 
O-O 16.Ne2 Rf6 17.c3 Raf8 18.Ng3 R6f4 19.b4 Qf7 
20.Qh5 Rxf2 21.Qxf7+ R2xf7 22.Rxf7 Rxf7 23.Rf1 Ne7 
24.Rxf7 Kxf7 25.Kf2 c5 26.Ke2 c4 27.dxc4 bxc4 
28.a4 Nd6 29.Kf3 d4 30.Ne4 Nxe4 31.Kxe4 dxc3 
32.Bb1 Nf5 33.b5 axb5 34.a5 b4 35.Kxe5 b3 36.a6 
{i'm deeply fucked, arghhhh}  c2 37.Bxc2 
bxc2 0-1

[Event "HCL-C332"]
[Site "www.playchess.de"]
[Date "2001.04.29"]
[Round "8"]
[White "ledger"]
[Black "king"]
[WhiteElo "1401"]
[BlackElo "876"]
[PlyCount "23"]
[Result "1-0"]

1.e4 d5 2.exd5 Qxd5 3.Nc3 Qe5+ 4.Be2 c5 5.Nf3 Qe6 
6.O-O Qg6 7.Ne5 Qf6 8.d4 Nc6 9.Nd5 Qd6 10.dxc5 
Qxe5 11.Bf4 Qxb2 12.Nc7+ 1-0

[Event "HCL-C327"]
[Site "www.playchess.de"]
[Date "2001.04.29"]
[Round "33"]
[White "Lukas"]
[Black "thalis"]
[WhiteElo "1231"]
[BlackElo "1189"]
[PlyCount "70"]
[Result "0-1"]

1.d4 {Ich konnte nicht wiederstehen! :-) Du hast 
diesmal Schwarz! - Ein Wunder!}  d5 {Ich freue 
mich und hoffe, es Dir ordentlich schwer machen zu 
können!}  2.c4 {Diesmal eröffne ich in meinen 
Partien öfters mit d4 - Ein wenig Abwechslung...}  
e6 {Ich werde auf der Hut sein! Es haben übrigens 
viele Gegner gezogen!}  3.g3 {Bei mir nicht... Und 
jetzt bist Du auch der einzige...}  Nf6 {Ich werde 
hier kein Eröffnugsbuch benutzen. Ich rechne mit 
Sc3 im nächsten oder übernächsten Zug :-)}  4.Bg2 
{Schau mer mal... :-)}  dxc4 {Dein Läufer ist ja 
weg von seinem Feld f1. Es fängt schon wieder an 
zu kribbeln.}  5.Nf3 {Das ist Katalanisch! - 
Super, diese Eröffnung wollte ich haben!! :-)}  
Nc6 6.O-O {.}  Be7 {Kann man die Stellung i´m 
Augenblick als ausgeglichen ansehen?}  7.Qa4 {Ja! 
:-)}  O-O {Du willst mir nur einen Bauern klauen 
!!!! Und ich kann es nicht verhindern ... ;-)!}  
8.Qxc4 Na5 {Du wirst ein gutes Zentrum bilden. Und 
ich wohl Deinen Damenflügel ins Visier nehmen 
müssen. Ich mag}  9.Qc2 Nc6 {Sicher ist 
sicher.Weiter geht´s!}  10.Bf4 {Du wolltest wohl 
Zugwiederholung und Remis? ;-)}  Nxd4 {Ich habe 
die Stellung mal meinem Comp anvertraut. Er will 
Sh6, ich aber Sxd4!}  11.Nxd4 {Ich schlage aber 
nicht auf c7 :-)}  Qxd4 {Na da bin ich aber 
gespannt.}  12.Rd1 Qb4 {Ich denke Db4 oder c5 
waren die Alternativen .}  13.a3 {Nach dem 
Abtausch auf c5 hätten wir gleich remis geben 
können. :-)}  Qc5 {Wie kann man denn bei einem 
derzeitigen Spielstand remis abschätzen? Das wird 
mir ein Rätsel bleiben}  14.Qxc5 {Ohne die Tanten 
wird es etwas ruhiger... ... Oder auch nicht...}  
Bxc5 {Ich hoffe das letztere! ;-)}  15.Bxc7 Ne8 
{Na also, jetzt hast Du doch auf c7 genommen! 
Wußte ich´s doch! :-)}  16.Bf4 {Ich wollte Dich 
nicht enttäuschen! :-)}  Nf6 {Und was passiert 
nun? Wie sieht es denn gegen Andrus aus bei Dir?}  
17.b4 {Gegen Andrus habe ich verloren. Er hat mich 
ganz schwindelig gespielt! :-)}  Bb6 {Ich stehe 
auch schlecht gegen ihn, sehr schlecht!}  18.Nc3 
Ng4 {Letzter Zug für heute. Und dann alle Turniere 
erstmal zuende spielen. Und das fest vornehmen!}  
19.Ne4 {Ich bin froh wenn mein Partien auch mal 
abgeschlossen sind. Meine Gegner lassen mir 
geradekeine Ruhe}  e5 {Warum soll es Dir besser 
gehen als mir! Meine Bilanz sieht diese Runden 
nicht so gut aus. Das erste}  20.Bd2 {Keine Panik! 
Die werden schon noch alle patzen! - Hoffe ich 
doch... :-)}  Bd4 {3 oder vier Partien lassen sich 
gut und mit Druck spielen; mehr taugt einfach 
nichts! :-))}  21.Rab1 {Druck ist immer gut! So 
eben habe ich meinen Gegner auf der Grundlinie 
Mattgesetzt :-)}  f5 {Hab ich schon gesehen, weil 
ich in den Pausen stöbere ...}  22.Nc5 {Dafür hast 
Du Zeit? Soooo viele Partien kannst Du gar nicht 
haben. ;-)}  Nxf2 {Allerletzter Zug heute! Dein 
Grundreihenmatt macht sich gut! Schön gespielt. 
Bis morgen}  23.Bd5+ {Das hat mir viel Arbeit 
erspart! - Du macht ja mächtig Druck! Freue Dich 
nicht zu früh, Freundchen:)}  Kh8 {... mail 
kommt!}  24.e3 {...zurückgemailt!}  Bxc5 {... und 
noch eine mail ...}  25.Kxf2 {...wieder 
zurückgemailt! :-)}  Bb6 {Such Dir mal ein 
ACL-Turnier aus! :-))}  26.Kg2 {Alles klar! :-)}  
e4 27.Bc1 {Auftrag ausgeführt!}  Rd8 {Welches 
Turnier?}  28.Kf2 {Das zweite von oben...}  Be6 
{Ich schaue mal rüber ... welche Nr.?}  29.Bxb7 
{ACL-A194}  Rxd1 {Ich melde mich dann in ACL A 194 
an}  30.Bxa8 {-}  Bc4 {Schlage vor wir versuchen 
das Katalanisch zu wiederholen}  31.h3 {Habe schon 
e4 gezogen!}  Bc7 {Macht nichts! Heute bin ich 
ziemlich müde. Bleibe nicht mehr lange online ...} 
 32.g4 {Gute Nacht! :-)}  Bd3 {Sorry, ich habe 
lange über die letzten Züge hier die figuren 
bewegt ... Ein Acl Zug kommt aber noch!}  33.Rb3 
{-}  Rxc1 {sorry :-)}  34.Rxd3 {Nun habe ich 
verloren! - Nie wieder Katalanisch! ;-)}  exd3 
{Ich glaube Lf4 im 10. Zug war nicht so gut ... 
Ansonsten}  35.Bf3 {Bei Gelegenheit werde ich Dir 
das Gegenteil beweisen! - Ich gratuliere zum 
Sieg!!}  fxg4 {Danke. Ich freue mich auf eine 
nächste Partie :-))}  0-1

[Event "HCL-C333"]
[Site "www.playchess.de"]
[Date "2001.04.29"]
[Round "1"]
[White "Coolhandluke"]
[Black "gordi"]
[WhiteElo "1000"]
[BlackElo "1071"]
[PlyCount "47"]
[Result "1-0"]

1.e4 {Hi gordi, look forward to an interesting 
game. Good luck.}  c6 2.d4 d5 3.e5 e6 4.Nf3 f6 
5.c4 fxe5 6.Nxe5 Nf6 7.Bg5 Qa5+ 8.Nc3 Ne4 9.Bd2 
Qb6 10.Nxe4 Qxd4 11.Qh5+ Kd8 12.Nf7+ Kc7 13.Bf4+ 
Kb6 14.Be3 Bb4+ 15.Nc3 Qxe3+ 16.fxe3 Rf8 17.Bd3 h6 
18.O-O Bc5 19.Na4+ Kc7 20.Qe5+ Kd7 21.Nxc5+ Ke8 
22.Nd6+ Ke7 23.Nxc8+ Rxc8 24.Qxe6+ 1-0

[Event "HCL-B351"]
[Site "www.playchess.de"]
[Date "2001.04.29"]
[Round "13"]
[White "donkey"]
[Black "BvB09"]
[WhiteElo "1344"]
[BlackElo "825"]
[PlyCount "21"]
[Result "1-0"]

1.e4 {Tach, na Borussen-fan?}  e5 {ja,ich bin im 
internet las uns mal nen paar züge machen ok?bist 
du auch fußballfan?}  2.Nf3 {Ja, HERTA !!!!!!}  
Nf6 {aha,haben heute gewonnen,auch gegen dortmund 
leider,ich hoffe herta kommt in die cl anstatt 
leverkus}  3.Nxe5 {klarer Sieg 3-0! und inne cl 
kommen sie!!}  d6 {ok leverkusen gewinnt aber 
schon mal gegen die bayern,sonst wird dortmund 
kein meister.}  4.Nf3 {hoffe die lderhosen 
verlieren gegen Real Madrid}  Nxe4 {das hoffe ich 
auch,ich finde die bayern sind voll egoistisch und 
angeberisch ich haße die voll und d}  5.d4 {und 
...? (da kommt noch was oder?)}  Qe7 {du?ob du 
auch die bayern hast.ich schätze mal schalke wird 
meister und du?}  6.Be2 {schalke wird meister weil 
alle anderen zu schwach, und ich bin auch ein 
kleinen fan von real madrit}  Bg4 7.O-O Qd7 8.Nbd2 
Bxf3 {hast du premiere world?wie alt bist 
du?spielst du im schachklub?}  9.Bxf3 {keen pw, 
bin 18 und spiele (noch) nicht im Verein und du?}  
Nxd2 {bin 14.ich spiele schon 1 1/2 jahre im 
verein.}  10.Re1+ {wo wohnst du?}  Be7 {ich wohne 
in bielefeld und du?}  11.Bxb7 {Teneriffa} 
 1-0

[Event "HCL-C109"]
[Site "www.playchess.de"]
[Date "2001.04.29"]
[Round "4"]
[White "Danne"]
[Black "Hubb"]
[WhiteElo "1183"]
[BlackElo "1000"]
[PlyCount "28"]
[Result "0-1"]

1.e4 e5 2.f4 exf4 3.d3 Nc6 4.Bxf4 Qf6 5.Bc1 Bc5 
6.Nf3 d6 7.Nc3 Nge7 8.Nb5 Bb6 9.Be3 Ba5+ 10.Bd2 
Bb6 11.Bc3 Ne5 12.Qe2 O-O 13.O-O-O Be6 14.a3 
a6 0-1

[Event "HCL-A061"]
[Site "www.playchess.de"]
[Date "2001.04.30"]
[Round "3"]
[White "Brrrr"]
[Black "Kasparovjr"]
[WhiteElo "1796"]
[BlackElo "1700"]
[PlyCount "129"]
[Result "1/2-1/2"]

1.d4 Nf6 2.c4 e6 3.Nf3 b6 4.g3 Bb7 5.Bg2 Be7 6.Nc3 
c6 7.O-O {Happy New Year! :-)}  d5 8.cxd5 cxd5 
9.Bf4 O-O 10.Rc1 Nc6 11.Qd3 Rc8 12.Bg5 h6 13.Bf4 
a6 14.a3 Bd6 15.Bxd6 {Let's play on a bit.}  Qxd6 
16.Rfd1 Rc7 17.Rd2 Na5 18.Rdc2 Rfc8 19.Nd2 Nc6 
{This game could have been more dynamic or what?}  
20.b4 {Yup, I think we're building toward a 
climax.}  e5 21.e3 e4 22.Qf1 Nd8 23.b5 Qxa3 
24.Ndb1 Qa5 25.Qe2 axb5 26.Nxe4 R7xc2 27.Nxf6+ 
gxf6 28.Rxc2 Rxc2 29.Qxc2 Ne6 30.Nd2 {Enter 
'space' to remove your message.}  b4 31.Qb1 Ng5 
32.h4 Ne4 33.Nb3 {No thanks! :-)}  Qa3 {Some messy 
pawn formation I have got, at least the game is 
not that balanced any more.}  34.Qc2 {Good point. 
Imbalance is what one should often seek.}  Kg7 
35.h5 {Press 'space' to clear your message.}  Ba6 
36.Bxe4 dxe4 37.Qd1 f5 38.d5 Be2 39.Qc2 Bd3 {this 
endgame is facinating.}  40.Qd1 Qa8 41.d6 Qd5 
42.Qa1+ Kh7 43.Qd4 Qxd4 44.Nxd4 {You could have 
forced a draw by taking the N. I think your last 
move loses.}  b3 {I know, but I wanted to play for 
a win even if it is risky. I think I have at least 
equal chances.}  45.Nxb3 {You'll have to show me.} 
 Bb5 {I sure will try.}  46.Nd2 Kg7 {Cant see that 
this is lost for me, do you?}  47.Nc4 {No, not 
clearly.}  Kf6 {I overlooked that move! I was 
expecting f3 with a clear edge for me.}  48.Nxb6 
{It was prepared.}  Ke6 49.Nc8 Bd7 {I think it is 
a draw now.}  50.Ne7 {We'll see.}  Kxd6 51.Ng8 
{Dunno, my h-pawn could be pretty fast!}  Ke6 
52.Nxh6 Kf6 53.Ng8+ Kg7 54.Ne7 Be6 55.Nc6 Kh6 
56.Nd4 Kxh5 57.Kf1 Kg4 58.Ke2 Bc4+ {Camt see any 
winning chances for any part....}  59.Kd2 {I'll 
try for a bit to prove my piece is better than 
yours, if you don't mind.}  Ba6 {ok, take your 
time}  60.Nc6 Kg5 61.Ne5 Kf6 62.Nd7+ Kg5 {How will 
you improve your position?}  63.Kc3 {I'm working 
on it. :-)}  Bc8 64.Ne5 Be6 65.Kd2 {This position 
would require a blunder on the part of one of us. 
:-(}  1/2-1/2